Menciona un país por las primeras tres letras - Estadísticas

Estadísticas generales
  • Esta prueba ha sido intentada 211 veces
  • La puntuación promedio es 25 de 26
Estadísticas de respuestas
Comienza con País % Correcto
Arg Argelia | Argentina
100%
Aus Austria | Australia
100%
Cam Camboya | Camerún
100%
Esl Eslovenia | Eslovaquia
100%
Ind India | Indonesia
100%
Isl Islandia | Islas Marshall | Islas Salomón
100%
Mal Malasia | Malaui | Maldivas | Mali | Malta
100%
Nig Níger | Nigeria
100%
Rep República Centroafricana | República Checa | etc...
100%
Sud Sudáfrica | Sudán | Sudán del Sur
100%
Tai Tailandia | Taiwán
100%
Chi Chile | China | Chipre
99%
Est Estados Federados de Micronesia | Estados Unidos | Estonia
99%
Gui Guinea | Guinea Ecuatorial | Guinea-Bissau
99%
Mau Mauricio | Mauritania
99%
Cos Costa de Marfil | Costa Rica
98%
Ira Irak | Irán
98%
Lib Líbano | Liberia | Libia
98%
Tur Turkmenistán | Turquía
98%
Mon Mónaco | Mongolia | Montenegro
96%
San San Cristóbal y Nieves | San Marino | etc...
94%
Kir Kirguistán | Kiribati
93%
Bar Barbados | Baréin
92%
Pal Palaos | Palestina
92%
Bur Burkina Faso | Burundi
88%
Cor Corea del Norte | Corea del Sur
84%
No se encontraron pruebas coincidentes
Distribución de puntuación
Porcentaje de gente con cada puntuación
Porcentaje por número respondido
Historial de tus puntuaciones
No has intentado esta prueba.